مكتبة جامعة عجلون الوطنية

فهرس بحث المكتبة

Normal view MARC view
  • الاردن - تاريخ -اصحاب الجلالة الهاشمية عبدالله بن الحسين الاول،طلال بن عبدالله، الحسين بن طلال - خطابات

Entry Topical Term

Number of records used in: 1

001 - CONTROL NUMBER

  • control field: 53292

003 - CONTROL NUMBER IDENTIFIER

  • control field: JO-AjAnu

005 - DATE AND TIME OF LATEST TRANSACTION

  • control field: 20230606082744.0

008 - FIXED-LENGTH DATA ELEMENTS

  • fixed length control field: 230606|| aca||aabn | a|a d

040 ## - CATALOGING SOURCE

  • Original cataloging agency: JO-AjAnu
  • Transcribing agency: JO-AjAnu

150 ## - HEADING--TOPICAL TERM

  • Topical term or geographic name entry element: الاردن - تاريخ -اصحاب الجلالة الهاشمية عبدالله بن الحسين الاول،طلال بن عبدالله، الحسين بن طلال - خطابات

670 ## - SOURCE DATA FOUND

  • Source citation: Work cat.: (JO-AjAnu)27226: اشراف الديوان الملكي الهاشمي؛ اعداد وتحرير بكر خازر المجالي؛ المتابعة والتنسيق منتهى قبلان العبداللات، المتابعة والتنسيق جنان زكي أبو زياد, author 53291, خطب العرش السامي لصاحب الجلالة الهاشمية المغفورالملك عبدالله الثاني بن الحسبن طيب الله ثراه ولصاحب الجلالة الهاشمية المغفور له الملك طلال بن عبدالله طيب الله ثراه ولصاحب الجلالة الهاشمية المغفور له الملك الحسين بن طلال طيب الله ثراه 1348-1387هجري/1929-1967م، ج1